| Tag |
First Indicator |
Second Indicator |
Subfields |
| LEADER |
00000cam a2200000 4500 |
| 001 |
in00000037215 |
| 005 |
20151007072247.0 |
| 008 |
800605s1921 ne 01010 dut d |
| 035 |
|
|
|a (OCoLC)06391345
|
| 035 |
|
|
|9 AAE7546AM
|
| 040 |
|
|
|a TXA
|c TXA
|d UtOrBLW
|
| 049 |
|
|
|a TXAM
|v 1 [87750]
|v 2 [87751]
|v 3 [87752]
|v 4 [87753]
|v 5 [87754]
|
| 090 |
|
|
|a QR111
|b .B45
|
| 092 |
|
|
|a 589.95
|b B422v
|
| 100 |
1 |
|
|a Beijerinck, M. W.
|
| 245 |
1 |
0 |
|a Verzamelde geschriften /
|c von M. W. Beijerinck, ter gelegenheid von zijn 70 sten verjaardag; met medwerking der Nederlandsche regeering uitgegeven door zijne vrienden en vereerders ...
|
| 264 |
|
1 |
|a Delft,
|b [publisher not identified] ;
|c 1921.
|
| 300 |
|
|
|a 5 volumes
|
| 336 |
|
|
|a text
|b txt
|2 rdacontent
|
| 337 |
|
|
|a unmediated
|b n
|2 rdamedia
|
| 338 |
|
|
|a volume
|b nc
|2 rdacarrier
|
| 650 |
|
0 |
|a Bacteriology.
|
| 999 |
|
|
|a MARS
|
| 999 |
f |
f |
|s e308093a-b079-30d2-ad2c-c3d6ca4499eb
|i 80b04c39-675f-3d31-b0cd-7e46926231b2
|t 0
|
| 952 |
f |
f |
|p ric
|a Texas A&M University
|b Rellis Campus
|c Joint Library Facility
|d Remote Storage
|t 0
|e QR111 .B45
|h Library of Congress classification
|i unmediated -- volume
|k v.4
|m A14801001551
|
| 952 |
f |
f |
|p ric
|a Texas A&M University
|b Rellis Campus
|c Joint Library Facility
|d Remote Storage
|t 0
|e QR111 .B45
|h Library of Congress classification
|i unmediated -- volume
|k v.5
|m A14801001569
|
| 952 |
f |
f |
|p ric
|a Texas A&M University
|b Rellis Campus
|c Joint Library Facility
|d Remote Storage
|t 0
|e QR111 .B45
|h Library of Congress classification
|i unmediated -- volume
|k v.2
|m A14801001535
|
| 952 |
f |
f |
|p ric
|a Texas A&M University
|b Rellis Campus
|c Joint Library Facility
|d Remote Storage
|t 0
|e QR111 .B45
|h Library of Congress classification
|i unmediated -- volume
|k v.1
|m A14801001527
|
| 952 |
f |
f |
|p ric
|a Texas A&M University
|b Rellis Campus
|c Joint Library Facility
|d Remote Storage
|t 0
|e QR111 .B45
|h Library of Congress classification
|i unmediated -- volume
|k v.3
|m A14801001543
|
| 998 |
f |
f |
|a QR111 .B45
|s v.1-v.5
|t 0
|l Remote Storage
|